000 00667nam a2200169 4500
001 132640
003 ES-MaACL
005 20230906194222.0
007 t|
008 070214s1907 fr r ||||1| fre d
100 1 _aRonsard, Pierre de.
_999517
245 1 0 _aLivret de folastries
_b: publié sur l'édition originale de 1553 et augmenté d'un choix de pièces d'expression satyrique et gauloise tirées des éditions originales /
_cavec une notice et des notes par Ad. Van Bever.
260 _aParis :
_bSociété du `Mercure de France`,
_c1907.
300 _a257 p., 1 lám. ;
_c19 x 12 cm.
700 1 _aBever, Adolphe van.
_928713
852 _aES-MaACL
_jG-14863
999 _c132640
_d132640